[Event "Russian Championship G13 1st league 2016"]
[Site "Loo"]
[Date "2016.04.23"]
[Round "4.2"]
[White "Karelina, Viktoriya"]
[Black "Vorobieva, Varvara"]
[Result "1-0"]
[WhiteElo "1673"]
[BlackElo "1480"]
[PlyCount "117"]
[EventDate "2016.04.20"]

1. e4 e5 2. Bc4 Nf6 3. d3 c6 4. Nf3 d5 5. Bb3 Bg4 6. Nbd2 Be7 7. h3 Bxf3 8.
Qxf3 O-O 9. O-O Re8 10. a3 h6 11. Re1 d4 12. Nf1 Nbd7 13. Ng3 Kh8 14. Bxf7 Rf8
15. Ba2 Ne8 16. Qh5 Nef6 17. Qe2 Ne8 18. Qh5 Nef6 19. Qg6 Qe8 20. Qxe8 Raxe8
21. Nf5 Bc5 22. f4 Ng8 23. fxe5 Nxe5 24. Bd2 Ne7 25. Ng3 a6 26. Ne2 N7g6 27.
Rf1 Ba7 28. Nf4 Rc8 29. Rae1 Kh7 30. Be6 Rce8 31. Ba2 Rb8 32. Nxg6 Nxg6 33. Kh1
Rbd8 34. Be6 Kh8 35. Bb4 c5 36. Ba5 b6 37. Bd2 Bb8 38. Bc4 a5 39. b4 axb4 40.
axb4 Bc7 41. Ra1 Rb8 42. Bb3 Kh7 43. Kg1 Kh8 44. Rf7 Rxf7 45. Bxf7 Ne5 46. Bd5
Ng6 47. Rf1 Bd6 48. bxc5 bxc5 49. Bb3 Rb7 50. Ra1 Rb6 51. Ra8+ Kh7 52. Kf2 Ne5
53. Ke2 Kg6 54. Bf4 Nf7 55. Bxd6 Rxd6 56. Rc8 Ne5 57. Rxc5 Kf6 58. Rb5 Ke7 59.
Rxe5+ 1-0

[Event "Russian Championship G13 1st league 2016"]
[Site "Loo"]
[Date "2016.04.23"]
[Round "4.3"]
[White "Shubina, Ekaterina"]
[Black "Larina, Tatiana"]
[Result "1-0"]
[WhiteElo "1469"]
[BlackElo "1666"]
[PlyCount "133"]
[EventDate "2016.04.20"]

1. d4 e6 2. c4 f5 3. Nc3 Nf6 4. g3 d5 5. Bg2 c6 6. Nh3 Bd6 7. Bf4 O-O 8. c5 Bc7
9. O-O Ne4 10. e3 Nd7 11. Bxc7 Qxc7 12. Nf4 Ndf6 13. Nce2 e5 14. Nd3 exd4 15.
exd4 Qe7 16. Nef4 Ng5 17. Re1 Qc7 18. h4 Nf7 19. f3 Bd7 20. Qd2 Rfe8 21. Rxe8+
Rxe8 22. Re1 Qd8 23. Ne5 Bc8 24. Nfd3 Nd7 25. Nxf7 Rxe1+ 26. Qxe1 Kxf7 27. Kf2
Qf6 28. Qe3 b6 29. b4 bxc5 30. bxc5 Ba6 31. Bf1 Bb7 32. f4 Qe6 33. Ne5+ Ke7 34.
Bd3 Nf6 35. Ke2 Ne4 36. Ke1 h5 37. Bc2 Qc8 38. Qf3 Qe8 39. Qa3 a6 40. Qb3 Qc8
41. Bd1 Nf6 42. Be2 Ke8 43. Qb6 Kf8 44. Bd1 Ng4 45. Ba4 Nxe5 46. fxe5 Ke7 47.
Qb3 Qc7 48. Kf2 Ke6 49. Qe3 Qa5 50. Bb3 Qb4 51. Ke2 a5 52. Qd2 Ba6+ 53. Ke3 Qb5
54. Kf4 a4 55. Bd1 g6 56. Kg5 Kf7 57. e6+ Ke7 58. Qf4 Kxe6 59. Qd6+ Kf7 60.
Qxg6+ Ke7 61. Qd6+ Kf7 62. Bxh5+ Kg7 63. Qe7+ Kg8 64. Qe8+ Kg7 65. Qf7+ Kh8 66.
Qf8+ Kh7 67. Bg6# 1-0

[Event "Russian Championship G13 1st league 2016"]
[Site "Loo"]
[Date "2016.04.23"]
[Round "4.4"]
[White "Zavgorodneva, Ekaterina"]
[Black "Lukianchenko, Alisa"]
[Result "0-1"]
[WhiteElo "1531"]
[BlackElo "1349"]
[PlyCount "80"]
[EventDate "2016.04.20"]

1. e4 e5 2. Nf3 Nc6 3. Nc3 Nf6 4. d4 exd4 5. Nxd4 Bb4 6. f3 O-O 7. Bg5 Re8 8.
a3 Bxc3+ 9. bxc3 Nxe4 10. Bxd8 Nxc3+ 11. Kf2 Nxd1+ 12. Rxd1 Rxd8 13. Bb5 Nxd4
14. Rxd4 c6 15. Ba4 d5 16. Rhd1 Rf8 17. Re1 Be6 18. Bb3 Rfe8 19. Rd2 Rad8 20.
Red1 Rc8 21. Re1 Kf8 22. Rde2 Bf5 23. Re5 Rxe5 24. Rxe5 Bg6 25. c3 Re8 26.
Rxe8+ Kxe8 27. Ke3 Ke7 28. Kd4 Kd6 29. g3 Bb1 30. c4 dxc4 31. Bxc4 f6 32. Bb3
b5 33. Bd1 c5+ 34. Kc3 a5 35. Be2 b4+ 36. Kb3 Kd5 37. axb4 axb4 38. Kb2 Bf5 39.
Kb3 Kd4 40. Bf1 Bd3 0-1

[Event "Russian Championship G13 1st league 2016"]
[Site "Loo"]
[Date "2016.04.23"]
[Round "4.5"]
[White "Emelyanenko, Marina"]
[Black "Garafutdinova, Diana"]
[Result "1-0"]
[WhiteElo "1451"]
[BlackElo "1530"]
[PlyCount "53"]
[EventDate "2016.04.20"]

1. e4 c5 2. Ne2 e6 3. g3 Nc6 4. Bg2 Qc7 5. c3 Nf6 6. O-O Be7 7. d4 cxd4 8. cxd4
d6 9. Nbc3 O-O 10. h3 a6 11. Be3 b5 12. Rc1 Qd7 13. e5 Ne8 14. Nxb5 Bb7 15.
Nxd6 Nxd6 16. exd6 Bxd6 17. Qa4 Rfc8 18. Rfd1 Rc7 19. d5 Ne5 20. Qxd7 Rxd7 21.
dxe6 fxe6 22. Bxb7 Rxb7 23. Rxd6 Rxb2 24. Nd4 Nd3 25. Rd1 Nb4 26. a3 Nd5 27.
Nxe6 1-0

[Event "Russian Championship G13 1st league 2016"]
[Site "Loo"]
[Date "2016.04.23"]
[Round "4.6"]
[White "Artiukhova, Elizaveta"]
[Black "Kokueva, Alisa"]
[Result "1-0"]
[WhiteElo "1443"]
[BlackElo "1512"]
[PlyCount "129"]
[EventDate "2016.04.20"]

1. d4 d5 2. Nf3 Nf6 3. Bf4 c5 4. e3 Nc6 5. c3 e6 6. a3 Bd6 7. Bg3 O-O 8. dxc5
Bxc5 9. Nbd2 Re8 10. Be2 e5 11. Nb3 Bd6 12. Bh4 Bg4 13. Bxf6 Qxf6 14. Qxd5 e4
15. Ng1 Re5 16. Qd2 Bd7 17. Rd1 Be6 18. Qxd6 Rd8 19. Qc7 Bxb3 20. Rxd8+ Nxd8
21. Nh3 g6 22. O-O Ba4 23. Nf4 Bc6 24. Rd1 Ne6 25. Nxe6 Rxe6 26. Qb8+ Re8 27.
Qxa7 Qg5 28. Qd4 h5 29. Qd6 h4 30. Kf1 Qh6 31. Bc4 h3 32. g3 Qh5 33. Be2 Qf5
34. Qf4 Qe6 35. Qd6 Qf5 36. b4 Qc8 37. c4 Ba4 38. Rd4 Kg7 39. b5 Re6 40. Qb4
Bc2 41. Rd2 Bd3 42. Bxd3 exd3 43. Rxd3 Rf6 44. Rd4 Qf5 45. Rf4 Qd3+ 46. Ke1 Rd6
47. Qb2+ f6 48. Rd4 Rxd4 49. Qxd4 Qb1+ 50. Qd1 Qf5 51. g4 Qe4 52. Qd7+ Kh6 53.
g5+ fxg5 54. Qxh3+ Kg7 55. Qd7+ Kh6 56. Qd4 Qe8 57. h4 gxh4 58. Qxh4+ Kg7 59.
Qd4+ Kh6 60. a4 Qa8 61. c5 Qa5+ 62. Ke2 Qa8 63. Qc4 Qb8 64. Qf4+ Qxf4 65. exf4
1-0

[Event "Russian Championship G13 1st league 2016"]
[Site "Loo"]
[Date "2016.04.23"]
[Round "4.7"]
[White "Shestakova, Ekaterina"]
[Black "Tolstykh, Arina"]
[Result "1-0"]
[WhiteElo "1740"]
[BlackElo "1254"]
[PlyCount "61"]
[EventDate "2016.04.20"]

1. e4 c5 2. c3 d5 3. exd5 Qxd5 4. d4 g6 5. Nf3 cxd4 6. Qxd4 Qxd4 7. Nxd4 a6 8.
Bc4 Bg7 9. Be3 e6 10. O-O Ne7 11. Nd2 O-O 12. Ne4 Rd8 13. Rad1 b5 14. Bb3 Bb7
15. Nc5 Bd5 16. Bg5 Nbc6 17. Nxc6 Nxc6 18. Bxd8 Rxd8 19. Bxd5 exd5 20. a3 d4
21. cxd4 Bxd4 22. b4 Ra8 23. Rd3 a5 24. Rfd1 Re8 25. Nb3 Bb6 26. Rd6 Rc8 27.
Rc1 a4 28. Nd2 Ne7 29. Rxc8+ Nxc8 30. Rc6 Bxf2+ 31. Kxf2 1-0

[Event "Russian Championship G13 1st league 2016"]
[Site "Loo"]
[Date "2016.04.23"]
[Round "4.8"]
[White "Korobitsyna, Olesya"]
[Black "Airapetyan, Anzhelika"]
[Result "0-1"]
[WhiteElo "1607"]
[BlackElo "1416"]
[PlyCount "136"]
[EventDate "2016.04.20"]

1. d4 d5 2. Nf3 Nf6 3. c4 e6 4. g3 dxc4 5. Qa4+ Nbd7 6. Qxc4 a6 7. Bg2 b5 8.
Qc2 Bb7 9. O-O c5 10. Nbd2 Rc8 11. Qd1 Be7 12. Re1 O-O 13. e4 Re8 14. b3 cxd4
15. Nxd4 Nc5 16. Nc2 Nd3 17. Rf1 Nxc1 18. Rxc1 h6 19. Qe2 Qb6 20. Rfd1 Red8 21.
e5 Nd5 22. Ne4 Rd7 23. Ne1 Rcd8 24. Nd3 Ba3 25. Rb1 Be7 26. b4 Rc8 27. Qb2 Nc3
28. Nxc3 Bxg2 29. Kxg2 Qc6+ 30. Kg1 Qxc3 31. Qe2 Qc7 32. Rbc1 Qd8 33. Nc5 Rxd1+
34. Rxd1 Qb6 35. Ne4 Bxb4 36. Qd3 Be7 37. Qf3 Qc6 38. Qf4 Qc2 39. Rd2 Qc1+ 40.
Kg2 Qc6 41. Kh3 a5 42. Qg4 Kh7 43. Qe2 Qc4 44. Qf3 b4 45. Rd7 Qf1+ 46. Qg2
Qxg2+ 47. Kxg2 Re8 48. Ra7 Kg6 49. g4 f5 50. gxf5+ Kxf5 51. Nd6+ Bxd6 52. exd6
Rd8 53. Rxa5+ Kf6 54. Rb5 Rxd6 55. Rxb4 Rd2 56. Ra4 Rd1 57. Ra8 Ra1 58. a4 Ke5
59. f3 Kf6 60. a5 Kg5 61. Kg3 Ra2 62. h4+ Kf5 63. a6 Kf6 64. Kg4 Ra4+ 65. Kg3
Ra2 66. a7 Kg6 67. f4 Ra3+ 68. Kg4 h5# 0-1

[Event "Russian Championship G13 1st league 2016"]
[Site "Loo"]
[Date "2016.04.23"]
[Round "4.9"]
[White "Vityugova, Yaroslava"]
[Black "Tinina, Kristina"]
[Result "1-0"]
[WhiteElo "1386"]
[BlackElo "1595"]
[PlyCount "95"]
[EventDate "2016.04.20"]

1. e4 c5 2. c3 g6 3. d4 cxd4 4. cxd4 d5 5. e5 Nc6 6. Bb5 Bg7 7. Nf3 Nh6 8. Nc3
O-O 9. Bxc6 bxc6 10. Be3 Ba6 11. Ne2 Rb8 12. Qd2 Nf5 13. O-O Qb6 14. b3 Rfc8
15. Rac1 Bb5 16. Rfe1 Bxe2 17. Qxe2 a5 18. Qd3 Ra8 19. Qc3 a4 20. h3 axb3 21.
Qxb3 Qa6 22. Rc2 e6 23. Rec1 Bf8 24. Bf4 Rab8 25. Qc3 Bb4 26. Qa1 Bf8 27. Qc3
Rb4 28. Qd2 Qb6 29. Be3 Ra4 30. Rb2 Qa6 31. Qc2 Ba3 32. Rcb1 Bxb2 33. Rxb2 Ra8
34. Kh2 Nxe3 35. fxe3 Ra3 36. Qf2 Rxa2 37. Ng5 Ra7 38. Rb8+ Kg7 39. Qf6+ Kh6
40. Nxf7+ Rxf7 41. Qxf7 Qe2 42. Qf4+ Kh5 43. Qg3 Ra3 44. Rh8 h6 45. Qf4 g5 46.
Qf7+ Kh4 47. Rxh6+ Qh5 48. Qxh5# 1-0

[Event "Russian Championship G13 1st league 2016"]
[Site "Loo"]
[Date "2016.04.23"]
[Round "4.10"]
[White "Zhurova, Anna"]
[Black "Kovtun, Tatyana"]
[Result "1/2-1/2"]
[WhiteElo "1595"]
[BlackElo "1419"]
[PlyCount "90"]
[EventDate "2016.04.20"]

1. e4 e6 2. d4 d5 3. Nc3 Bb4 4. e5 c5 5. a3 Bxc3+ 6. bxc3 Ne7 7. Nf3 Qc7 8. Bd3
b6 9. O-O Ba6 10. Bxa6 Nxa6 11. Qe2 Nb8 12. a4 a6 13. Ba3 Nd7 14. Nh4 O-O 15.
Qd3 Rfe8 16. f4 cxd4 17. cxd4 f5 18. Bd6 Qc6 19. Kh1 Ng6 20. Nxg6 hxg6 21. Qg3
Kf7 22. Qg5 Rac8 23. Ra3 Nf8 24. Bxf8 Rxf8 25. Rg3 Rg8 26. Qxg6+ Kf8 27. h4 Qe8
28. Qxe8+ Kxe8 29. Rb3 b5 30. axb5 axb5 31. c3 Kf7 32. Rc1 Rb8 33. Rcb1 Rgc8
34. Kg1 Rc4 35. Rd1 b4 36. cxb4 Rcxb4 37. Rxb4 Rxb4 38. Rd3 Ra4 39. Kf2 Rb4 40.
Kf3 g6 41. g4 Rb1 42. gxf5 gxf5 43. Kg2 Rb2+ 44. Kg3 Rb1 45. Rd2 Rg1+ 1/2-1/2

[Event "Russian Championship G13 1st league 2016"]
[Site "Loo"]
[Date "2016.04.23"]
[Round "4.11"]
[White "Andreeva, Anastasiia"]
[Black "Lobanova, Milana"]
[Result "1/2-1/2"]
[WhiteElo "1513"]
[BlackElo "1316"]
[PlyCount "82"]
[EventDate "2016.04.20"]

1. e3 Nf6 2. d4 g6 3. c4 Bg7 4. Nc3 O-O 5. Bd3 c6 6. Nf3 d5 7. b3 Bg4 8. h3
Bxf3 9. Qxf3 e6 10. Ba3 Re8 11. O-O Nbd7 12. Bd6 e5 13. dxe5 Nxe5 14. Bxe5 Rxe5
15. Rac1 Qd7 16. cxd5 Nxd5 17. Nxd5 Rxd5 18. Bc4 Rd2 19. Rcd1 Rxd1 20. Rxd1 Qe8
21. a4 a6 22. Qg4 Rd8 23. Qf3 Rxd1+ 24. Qxd1 b5 25. axb5 axb5 26. Be2 Qb8 27.
Qd7 Qa8 28. Bf3 Qa1+ 29. Kh2 Qb2 30. Qe8+ Bf8 31. Bxc6 b4 32. Bd5 Qxf2 33. e4
Qf4+ 34. Kg1 Qc1+ 35. Kf2 Qd2+ 36. Kf3 Qd3+ 37. Kf4 Qd2+ 38. Kg3 Qe3+ 39. Kh2
Qf4+ 40. Kg1 Qc1+ 41. Kh2 Qf4+ 1/2-1/2

[Event "Russian Championship G13 1st league 2016"]
[Site "Loo"]
[Date "2016.04.23"]
[Round "4.12"]
[White "Targyn, Belek"]
[Black "Ershova, Margarita"]
[Result "0-1"]
[WhiteElo "1380"]
[BlackElo "1513"]
[PlyCount "98"]
[EventDate "2016.04.20"]

1. d4 d6 2. Nf3 Bg4 3. Bg5 Nd7 4. Nbd2 f6 5. Bh4 e5 6. e3 Qe7 7. dxe5 dxe5 8.
Be2 O-O-O 9. c3 Nh6 10. Qc2 Nc5 11. h3 Bh5 12. e4 Bg6 13. O-O-O Nf7 14. Nh2 Nd6
15. f3 Kb8 16. Bf2 Ne6 17. Qb3 Bf7 18. Qa4 Nc8 19. Nb3 Nf4 20. Bf1 Rxd1+ 21.
Kxd1 g6 22. g3 Ne6 23. Be2 Bh6 24. Kc2 f5 25. h4 Rd8 26. Rd1 Rxd1 27. Bxd1 Qd8
28. Be1 Nb6 29. Qb5 Nc4 30. Nf1 c6 31. Qa4 Nxb2 32. Kxb2 Qxd1 33. Qb4 Bf8 34.
Qa5 Bd6 35. c4 Qxf3 36. Qd2 Bc7 37. Qd7 fxe4 38. Nfd2 Qf5 39. Nxe4 Nd4 40. Qe7
a6 41. Qf8+ Ka7 42. Qe7 Qxe4 43. Qxf7 Qc2+ 44. Ka1 Nxb3+ 45. axb3 Bb6 46. c5
Bxc5 47. Bc3 Qxc3+ 48. Ka2 Qc2+ 49. Ka1 Bd4# 0-1

[Event "Russian Championship G13 1st league 2016"]
[Site "Loo"]
[Date "2016.04.23"]
[Round "4.13"]
[White "Tumashevich, Elizaveta"]
[Black "Batarova, Alina"]
[Result "1/2-1/2"]
[WhiteElo "1305"]
[BlackElo "1503"]
[PlyCount "80"]
[EventDate "2016.04.20"]

1. d4 Nf6 2. c4 e5 3. Nc3 exd4 4. Qxd4 Nc6 5. Qd1 Bb4 6. a3 Bxc3+ 7. bxc3 d6 8.
Nf3 Bd7 9. e3 Qe7 10. Be2 O-O 11. O-O Ne5 12. Nxe5 Qxe5 13. Qd4 Rfe8 14. Qxe5
Rxe5 15. Bb2 Be6 16. Rfd1 Rc5 17. Rd4 Nd7 18. Rb1 Ne5 19. Ba1 Rb8 20. Rb5 Bxc4
21. Rxc5 dxc5 22. Rxc4 Nxc4 23. Bxc4 b5 24. Be2 a5 25. g3 b4 26. cxb4 cxb4 27.
axb4 axb4 28. Be5 b3 29. Bxc7 b2 30. Bd3 b1=Q+ 31. Bxb1 Rxb1+ 32. Kg2 f6 33. h4
Rb4 34. Bf4 Kf7 35. Kf3 f5 36. Be5 Kg6 37. Bd4 Rb7 38. Kf4 Re7 39. Be5 Rf7 40.
f3 Rf8 1/2-1/2

[Event "Russian Championship G13 1st league 2016"]
[Site "Loo"]
[Date "2016.04.23"]
[Round "4.14"]
[White "Volkova, Alina"]
[Black "Sharikova, Arina"]
[Result "0-1"]
[WhiteElo "1469"]
[BlackElo "1381"]
[PlyCount "68"]
[EventDate "2016.04.20"]

1. Nf3 c5 2. c4 e6 3. d4 cxd4 4. Nxd4 a6 5. Nc3 Nf6 6. a3 Qc7 7. e4 Be7 8. Be2
O-O 9. O-O d6 10. Be3 Nbd7 11. f3 b6 12. Qd2 Bb7 13. Rfd1 Rac8 14. Rac1 Rfd8
15. b4 Ne5 16. Qe1 Kh8 17. Nb3 Qc6 18. Nd2 h6 19. Qf2 Ned7 20. Nb3 Rf8 21. Kh1
Nh7 22. Bf4 Ne5 23. Nd2 f5 24. Bxe5 dxe5 25. Qg3 f4 26. Qf2 Qe8 27. Qxb6 Bc6
28. Qf2 Qh5 29. Nf1 Bh4 30. Qb6 Ng5 31. Qg1 Rf6 32. g4 fxg3 33. f4 Nxe4 34.
Bxh5 Nf2# 0-1

[Event "Russian Championship G13 1st league 2016"]
[Site "Loo"]
[Date "2016.04.23"]
[Round "4.16"]
[White "Semenova, Daria"]
[Black "Silchenko, Karina"]
[Result "1-0"]
[WhiteElo "1441"]
[BlackElo "1310"]
[PlyCount "75"]
[EventDate "2016.04.20"]

1. d4 Nf6 2. Nf3 e6 3. Bg5 Bb4+ 4. c3 Be7 5. e3 b6 6. Bd3 h6 7. Bh4 Bb7 8. h3
O-O 9. Nbd2 d6 10. O-O Nbd7 11. Nc4 Ne4 12. Bxe7 Qxe7 13. Bc2 Ng5 14. Ncd2 c5
15. Qe2 cxd4 16. cxd4 e5 17. dxe5 dxe5 18. e4 Rac8 19. Rac1 Rc7 20. Bb1 Rfc8
21. Rxc7 Rxc7 22. a3 Nc5 23. Qe3 Nxf3+ 24. Nxf3 f6 25. b4 Na4 26. Qb3+ Qf7 27.
Qxa4 Bc6 28. Qd1 Bd7 29. Qd6 Be6 30. Bd3 Rd7 31. Qb8+ Kh7 32. Bb5 Rb7 33. Qd8
Qg6 34. Be8 Qxe4 35. Re1 Qc4 36. Qd2 Re7 37. Ba4 b5 38. Bc2+ 1-0

[Event "Russian Championship G13 1st league 2016"]
[Site "Loo"]
[Date "2016.04.23"]
[Round "4.17"]
[White "Tarielashvili, Diana"]
[Black "Spiridonova, Maria"]
[Result "1-0"]
[WhiteElo "1441"]
[BlackElo "1275"]
[PlyCount "81"]
[EventDate "2016.04.20"]

1. e4 e5 2. Nf3 Nc6 3. Nc3 Nf6 4. d4 exd4 5. Nxd4 Bb4 6. Nxc6 bxc6 7. Bd3 d5 8.
exd5 cxd5 9. O-O O-O 10. a3 Bd6 11. Bg5 c6 12. Ne2 Qe7 13. Re1 c5 14. Nf4 Qd8
15. Nxd5 Bxh2+ 16. Kxh2 Ng4+ 17. Kg1 Qxg5 18. Ne7+ Kh8 19. Nxc8 Raxc8 20. Qf3
Qh5 21. Qh3 Qxh3 22. gxh3 Nf6 23. Bc4 Kg8 24. Re7 Rcd8 25. Rxa7 Rd2 26. Rc1 Ne4
27. Rf1 Nd6 28. Bb3 c4 29. Ba4 Nc8 30. Ra6 h6 31. Rc6 Nd6 32. c3 Rb8 33. Rd1
Rbxb2 34. Rxd6 Rxd6 35. Rxd6 Ra2 36. Rc6 Rxa3 37. Rxc4 Kh7 38. Bc2+ g6 39. Rc7
Kg7 40. c4 Rc3 41. Be4 1-0

[Event "Russian Championship G13 1st league 2016"]
[Site "Loo"]
[Date "2016.04.23"]
[Round "4.18"]
[White "Pogorelskikh, Sofia"]
[Black "Frolova, Lada"]
[Result "1/2-1/2"]
[WhiteElo "1686"]
[BlackElo "1378"]
[PlyCount "89"]
[EventDate "2016.04.20"]

1. e4 c5 2. Nf3 Nc6 3. d4 cxd4 4. Nxd4 g6 5. Nc3 Bg7 6. Be3 Nf6 7. Bc4 O-O 8.
Bb3 a5 9. O-O a4 10. Nxa4 Nxe4 11. Nb5 d6 12. Bb6 Qd7 13. Nc7 Rxa4 14. Bxa4
Bxb2 15. Qb1 Bxa1 16. Qxa1 Nd2 17. Re1 Nc4 18. Nd5 f6 19. Rxe7 Qf5 20. Bxc6
bxc6 21. Ne3 Nxe3 22. Bxe3 Rf7 23. Re8+ Rf8 24. Rxf8+ Kxf8 25. Qc3 Bd7 26. h3
Kf7 27. a4 Qd5 28. a5 c5 29. Qa1 Bc6 30. f3 Qe5 31. Qxe5 fxe5 32. c4 Ke7 33.
Kf2 Kf6 34. Ke2 Bb7 35. Kd3 Ba6 36. Kc3 Ke6 37. h4 Kf5 38. g4+ Ke6 39. f4 Kf6
40. Bd2 h5 41. gxh5 gxh5 42. fxe5+ Kxe5 43. Bg5 d5 44. Be7 Bxc4 45. Bxc5
1/2-1/2

[Event "Russian Championship G13 1st league 2016"]
[Site "Loo"]
[Date "2016.04.23"]
[Round "4.19"]
[White "Moskaleva, Arina"]
[Black "Safronova, Aleksandra"]
[Result "0-1"]
[WhiteElo "1392"]
[BlackElo "1686"]
[PlyCount "94"]
[EventDate "2016.04.20"]

1. c4 c5 2. Nc3 g6 3. g3 Bg7 4. Bg2 Nc6 5. e4 d6 6. Nge2 e6 7. O-O Nge7 8. d3
O-O 9. f4 a6 10. Be3 Nd4 11. Qd2 Nec6 12. Rab1 Rb8 13. b3 b5 14. g4 b4 15. Nd1
f5 16. gxf5 exf5 17. Ng3 Ne7 18. Nf2 Bb7 19. h4 Qe8 20. Rfe1 Qd7 21. Nh3 a5 22.
Ng5 a4 23. bxa4 Qxa4 24. Kh1 h6 25. Bxd4 Bxd4 26. Ne6 Bc3 27. Qe3 Bxe1 28. Nxf8
Bxg3 29. Nxg6 Nxg6 30. Qxg3 Kf7 31. exf5 Bxg2+ 32. Qxg2 Ne7 33. Qe2 Qc6+ 34.
Kh2 Nxf5 35. Qh5+ Kf6 36. Re1 Qd7 37. Qg4 Qg7 38. Qh3 Rg8 39. h5 Qg3+ 40. Qxg3
Rxg3 41. Rd1 Rf3 42. Rg1 Rxf4 43. Rg8 Rh4+ 44. Kg1 Rxh5 45. Rf8+ Ke7 46. Ra8
Rh3 47. Ra7+ Ke6 0-1

[Event "Russian Championship G13 1st league 2016"]
[Site "Loo"]
[Date "2016.04.23"]
[Round "4.20"]
[White "Kudrevatykh, Anastasia"]
[Black "Tletseri, Julietta"]
[Result "1-0"]
[WhiteElo "1396"]
[BlackElo "1546"]
[PlyCount "74"]
[EventDate "2016.04.20"]

1. d4 Nf6 2. c4 g6 3. Nc3 Bg7 4. e4 d6 5. Bd3 O-O 6. Nf3 Nc6 7. a3 h6 8. Be3
Ng4 9. Qd2 Nxe3 10. Qxe3 Bg4 11. d5 Nb8 12. h3 Bc8 13. O-O Nd7 14. Rac1 Re8 15.
b4 Nf8 16. c5 a6 17. b5 dxc5 18. Qxc5 Nd7 19. Qe3 Nf6 20. Rfd1 e6 21. dxe6 Bxe6
22. Bc4 Qe7 23. Bxe6 Qxe6 24. e5 Nd7 25. Nd5 Bxe5 26. Nxe5 Qxe5 27. Qxe5 Rxe5
28. Nxc7 Rd8 29. bxa6 bxa6 30. Nxa6 Re7 31. Rc7 Kf8 32. Nc5 Ke8 33. Nxd7 Rexd7
34. Rcxd7 Rxd7 35. Rxd7 Kxd7 36. Kf1 Kc6 37. Ke2 Kb5 1-0

[Event "Russian Championship G13 1st league 2016"]
[Site "Loo"]
[Date "2016.04.23"]
[Round "4.21"]
[White "Taranenko, Polina"]
[Black "Mikhailina, Elena"]
[Result "0-1"]
[WhiteElo "1226"]
[BlackElo "1529"]
[PlyCount "60"]
[EventDate "2016.04.20"]

1. d4 d5 2. c4 e6 3. Nc3 Nf6 4. Bg5 c6 5. Nf3 Nbd7 6. e3 Qa5 7. a3 Ne4 8. Qc2
Nxg5 9. Nxg5 Nf6 10. Bd3 dxc4 11. Bxc4 Qxg5 12. O-O Nd5 13. Nxd5 exd5 14. Bd3
h6 15. Rfe1 Be7 16. Rad1 O-O 17. Kh1 Bd6 18. h3 Be6 19. Qe2 Qh4 20. Kg1 Qg5 21.
Qf3 Bc7 22. e4 dxe4 23. Qxe4 g6 24. Qf3 Bd5 25. Be4 Bxe4 26. Rxe4 Rfe8 27. Qe3
Qxe3 28. Rxe3 Rxe3 29. fxe3 Re8 30. Re1 Bf4 0-1

[Event "Russian Championship G13 1st league 2016"]
[Site "Loo"]
[Date "2016.04.23"]
[Round "4.22"]
[White "Abramova, Maria"]
[Black "Sidorova, Alyona"]
[Result "0-1"]
[WhiteElo "1507"]
[BlackElo "1375"]
[PlyCount "70"]
[EventDate "2016.04.20"]

1. d4 d5 2. Bf4 c5 3. e3 Nf6 4. Nf3 Qb6 5. Nc3 a6 6. Na4 Qa5+ 7. c3 e6 8. Qc2
Nbd7 9. b3 Be7 10. Be2 O-O 11. O-O Ne4 12. Bd3 f5 13. Ne5 Nxe5 14. Bxe5 cxd4
15. exd4 Qd8 16. f3 Nf6 17. c4 Bd6 18. c5 Bxe5 19. dxe5 Ne8 20. Nb6 Rb8 21. b4
Qh4 22. Qc3 Qf4 23. Rfe1 Nc7 24. a4 Na8 25. Nxa8 Rxa8 26. b5 Bd7 27. c6 bxc6
28. bxc6 Rfc8 29. c7 Ra7 30. Rec1 Raxc7 31. Qxc7 Rxc7 32. Rxc7 Qd4+ 33. Kf1
Qxa1+ 34. Kf2 Qd4+ 35. Kf1 Qxd3+ 0-1

[Event "Russian Championship G13 1st league 2016"]
[Site "Loo"]
[Date "2016.04.23"]
[Round "4.23"]
[White "Kombar, Mariya"]
[Black "Pavlosiuk, Vlada"]
[Result "1-0"]
[WhiteElo "1497"]
[BlackElo "1318"]
[PlyCount "73"]
[EventDate "2016.04.20"]

1. e4 e5 2. Nf3 Nc6 3. Nc3 Nf6 4. d4 exd4 5. Nxd4 Bb4 6. Nxc6 bxc6 7. Bd3 d5 8.
exd5 cxd5 9. O-O O-O 10. Bg5 c6 11. Na4 Re8 12. c3 Bd6 13. Bc2 Bd7 14. Qd4 h6
15. Bxf6 Qxf6 16. Qxf6 gxf6 17. Rfe1 Re7 18. Rxe7 Bxe7 19. Re1 Re8 20. b4 Kf8
21. Nc5 Bxc5 22. Rxe8+ Kxe8 23. bxc5 Kd8 24. Kf1 Bc8 25. Bd3 Ke7 26. Ke2 f5 27.
Ke3 Kf6 28. Kf4 h5 29. h4 Be6 30. a3 Bc8 31. Be2 Kg7 32. Ke5 Kg6 33. Kd6 a5 34.
Kxc6 a4 35. Kxd5 Be6+ 36. Kd6 Bc8 37. c6 1-0

[Event "Russian Championship G13 1st league 2016"]
[Site "Loo"]
[Date "2016.04.23"]
[Round "4.24"]
[White "Shamsutdinova, Karina"]
[Black "Zarkova, Elizaveta"]
[Result "0-1"]
[WhiteElo "1437"]
[BlackElo "1372"]
[PlyCount "87"]
[EventDate "2016.04.20"]

1. d4 d5 2. c4 e6 3. Nc3 c6 4. e3 Nf6 5. b3 Bd6 6. Bd3 O-O 7. Qc2 Nbd7 8. f4 h6
9. Nf3 Bb4 10. O-O Bxc3 11. Qxc3 Ne4 12. Bxe4 dxe4 13. Ne5 f5 14. Bb2 Nxe5 15.
fxe5 b6 16. Rad1 Bb7 17. Ba3 Rf7 18. Bd6 a5 19. a4 Qg5 20. Rf4 Rd8 21. c5 Ra8
22. cxb6 Ra6 23. Qc4 Qg6 24. Bc7 Kh7 25. Rc1 Re7 26. Qe2 Ra8 27. Qb2 Qe8 28. b4
axb4 29. Qxb4 Qd7 30. Ra1 Ree8 31. Rff1 Qd5 32. Bd6 Qa5 33. Qb2 Ra6 34. Bc7
Rea8 35. Rfc1 Qd5 36. Rc5 Qd7 37. Qb3 Qf7 38. Qb4 f4 39. exf4 Qxf4 40. a5 e3
41. Qb1+ Kh8 42. Qd3 Qf2+ 43. Kh1 e2 44. Qb1 0-1

[Event "Russian Championship G13 1st league 2016"]
[Site "Loo"]
[Date "2016.04.23"]
[Round "4.25"]
[White "Nikonorova, Melaniya"]
[Black "Baneva, Darina"]
[Result "1-0"]
[WhiteElo "1419"]
[BlackElo "1255"]
[PlyCount "89"]
[EventDate "2016.04.20"]

1. e4 e6 2. Qe2 e5 3. Nf3 Nc6 4. Qd1 d6 5. Bc4 Bg4 6. O-O Nf6 7. d3 h6 8. h3
Bh5 9. c3 Be7 10. Nbd2 O-O 11. Re1 a6 12. Bb3 b5 13. Nf1 Kh8 14. Ng3 Bg6 15. d4
Rb8 16. d5 Na5 17. Bc2 Nd7 18. Kh1 Nb6 19. Rf1 c5 20. a3 c4 21. Nh2 Bg5 22. f4
exf4 23. Bxf4 Bxf4 24. Rxf4 Nd7 25. Nf3 Ne5 26. Nxe5 dxe5 27. Rf1 Rb6 28. Rb1
Rf6 29. Rxf6 Qxf6 30. Qe2 Qd6 31. Rf1 Nb7 32. Nf5 Qd7 33. Qe3 Qd8 34. Qa7 Qa8
35. Qb6 Re8 36. Rf3 Kg8 37. Rg3 Kh7 38. h4 Rg8 39. Ne7 Rd8 40. Nxg6 Rd6 41. Qc7
fxg6 42. Rf3 Rd8 43. Rf7 Rg8 44. Qxb7 Qxb7 45. Rxb7 1-0

[Event "Russian Championship G13 1st league 2016"]
[Site "Loo"]
[Date "2016.04.23"]
[Round "4.26"]
[White "Shagimardanova, Ramilya"]
[Black "Tokmakova, Ulyana"]
[Result "0-1"]
[WhiteElo "1413"]
[BlackElo "1175"]
[PlyCount "82"]
[EventDate "2016.04.20"]

1. d4 f5 2. c4 Nf6 3. Nf3 g6 4. Nc3 Bg7 5. g3 d6 6. Bg2 e6 7. O-O O-O 8. e3
Nbd7 9. Qb3 Qe7 10. Bd2 Kh8 11. Rac1 c6 12. Rfd1 e5 13. dxe5 dxe5 14. Be1 e4
15. Nd4 Ne5 16. Na4 b6 17. h3 Be6 18. Nxe6 Qxe6 19. Kh1 Rfd8 20. Qc2 Rxd1 21.
Rxd1 Qxc4 22. Qxc4 Nxc4 23. b3 Ne5 24. Bf1 Nd5 25. Nc3 Nxc3 26. Bxc3 Kg8 27.
Be1 Nf3 28. Bc4+ Kf8 29. Bb4+ c5 30. Ba3 Ne5 31. Bb5 a6 32. Be2 Ke7 33. b4 c4
34. b5+ Ke8 35. Rd6 axb5 36. Re6+ Kf7 37. Re7+ Kf6 38. Bd6 Nd3 39. Kg2 Bf8 40.
Rd7 Ke6 41. Rxh7 Bxd6 0-1

[Event "Russian Championship G13 1st league 2016"]
[Site "Loo"]
[Date "2016.04.23"]
[Round "4.27"]
[White "Butko, Anna"]
[Black "Izbekova, Evdokia"]
[Result "0-1"]
[WhiteElo "1313"]
[BlackElo "1509"]
[PlyCount "60"]
[EventDate "2016.04.20"]

1. e4 c5 2. Nf3 d6 3. Nc3 Nf6 4. d4 cxd4 5. Nxd4 a6 6. Be2 e6 7. O-O Be7 8. Be3
Nc6 9. Nxc6 bxc6 10. Bf3 Bb7 11. Re1 O-O 12. Bg5 Qc7 13. Qd2 Rad8 14. Rad1 Rfe8
15. Qe3 e5 16. h3 h6 17. Bh4 c5 18. Nd5 Nxd5 19. exd5 Bxh4 20. Qe4 Be7 21. Bh5
Rf8 22. Re3 f5 23. Qd3 Bg5 24. Rg3 f4 25. Rg4 Bc8 26. Rxg5 hxg5 27. Qg6 Qf7 28.
Qxg5 Qf5 29. Qxf5 Bxf5 30. Rd2 g6 0-1